00690nam a2200217Ia 450000500170000000800410001704000190005804100120007708200140008910000220010324500930012525000310021826000290024930000170027865000180029570000230031385000110033694200070034799900170035495201010037120240323154059.0131103s9999 xx 000 0 und d aLoreto College aEnglish a170 bHAR aHarris, Philip R. 4aThe Challenge of Your EducationcPhilip R.Harris, James J. Cribbin, William J. MacMahon  aEdited by Aloysius G. Rego aAllahabadbSt Paulc1963 a134p.b pic. aMoral Science aCribbin, James J.  aLCBED  cBK c32063d82542 00102ddc4070aMAINbMAINd2013-11-04l0o170 HAR 6828pB34922r2013-11-04w2013-11-04yBKf